00506nam a2200157Ia 4500003000900000008004100009040001600050080002400066110003500090245007900125260005300204300001000257650004100267650002000308650002000328IN-BaIIA211028s9999 xx 000 0 eng d cIIA Library a083.8:523.8bAPP-78 aAstronomisches Rechen-Institut 0aApparent places of fundamental stars 1978cAstronomisches Rechen-Institut  aHeidelbergbAstronomisches Rechen-Institutc1976 a510p. aAstronomy and Astrophysics Thesaurus aCatalogue-Stars aStars Catalogue